Jugadores de fútbol(Nivel Imposible) - Estadísticas

Estadísticas generales
  • Esta prueba ha sido intentada 1.479 veces
  • La puntuación promedio es 11 de 16
Estadísticas de respuestas
Imagen Respuesta % Correcto
Kubo
96%
Quaresma
91%
Eric García
86%
Muriqi
79%
Meunier
76%
Mamardashvili
71%
José Juan
68%
Kagawa
68%
Alderweireld
63%
Kolarov
63%
Mainoo
59%
Elanga
54%
Mandi
54%
Marvin
54%
Zakaria
42%
Raspadori
38%
No se encontraron pruebas coincidentes
Distribución de puntuación
Porcentaje de gente con cada puntuación
Porcentaje por número respondido
Historial de tus puntuaciones
No has intentado esta prueba.